LEADER 01657nam a2200301 i 4500 001 000000335641 003 CaOOAMICUS 005 20191115172803.0 008 190730s1936 vc a u001 u fre u 013 $a152118 040 $aSeMil$bita 100 1 $aFrey, Jean-Baptiste .$0(OLS)http://semarc/name/110019 245 10$aCorpus inscriptionum iudaicarum :$brecueil des inscriptions juives qui vont du 3. siècle avant Jésus-Christ au 7. siecle de notre ère : Vol. 1., Europe /$cP. Jean-Baptiste Frey. 260 $aCittà del Vaticano :$bPontificio Istituto di Archeologia Cristiana,$c1936. 300 $aCXLIV, 687 p. :$bill. ;$c28 cm. 490 0 $aSussidi allo studio delle antichità cristiane ;$v1. 500 $aDedica autografa in preliminari. 650 4$aIscrizioni giudaiche.$0(OLS)http://semarc/subject/48789 830 0$aSussidi allo studio delle antichità cristiane / Pontificio Istituto di Archeologia Cristiana ;$v1.$0(OLS)http://semarc/title/16415 850 $aSeMil 852 $aSeMil$W1$xVenegono$y1$m3S VI 17$j219012$B227534$CSeMilBibl$Z2$F227534 $81 900 1 $aFrey, J.B. 961 $aOmaggio: Perego don Stefano 961 $aCosto rilegatura ? 18,00 (+ IVA 22%) - Fattura Legatoria Picozzi N. 33 del 30/01/19 996 $6245$aCorpus inscriptionum iudaicarum :$brecueil des inscriptions juives qui vont du 3. siècle avant Jésus-Christ au 7. siecle de notre ère : Vol. 1., Europe$9(OLS)http://semarc/title/425023 996 $6260$aCittà del Vaticano :$bPontificio Istituto di Archeologia Cristiana$9(OLS)http://semarc/publisher/32394 LEADER 01722nam a2200325 i 4500 001 000000036680 003 CaOOAMICUS 005 20100429000000.0 008 100429s1990 it u000 u ita u 013 $a6432 040 $aSeMil$bita 100 0 $aIoannes Paulus II,$c.$0(OLS)http://semarc/name/646 245 10$aCari Sacerdoti! :$ble «Lettere del Giovedì Santo» e altri scritti sull'identità, la vita e la formazione del prete /$cGiovanni Paolo 2. ; raccolta antologica a cura di Diego Coletti ; prefazione di Carlo Martini Maria. 260 $aCinisello Balsamo (MI) :$bEd. Paoline,$c1990. 300 $a523 p. ;$c22 cm. 500 $aFondo Card. Giovanni Colombo. 650 4$aGiovanni Paolo II - Scritti e discorsi.$0(OLS)http://semarc/subject/7130 650 4$aGiovanni Paolo II - Lettere ai sacerdoti - Giovedì Santo.$0(OLS)http://semarc/subject/7131 700 1 $aColetti, Diego,$c.$0(OLS)http://semarc/name/17331 700 1 $aMartini, Carlo Maria,$c.$0(OLS)http://semarc/name/89159 850 $aSeMil 852 $aSeMil$W1$xVenegono$y1$m2A I 269$j2835$B2835$CSeMilBibl$Z2$F2835 $81 900 1 $aWojtyla, Karol,$d<1920-2005>. 900 0 $aGiovanni Paolo II$c. 941 1 $a3 961 $aLascito: Colombo Card. Giovanni 996 $6245$aCari Sacerdoti! :$ble «Lettere del Giovedì Santo» e altri scritti sull'identità, la vita e la formazione del prete$9(OLS)http://semarc/title/50924 996 $6260$aCinisello Balsamo (MI) :$bEd. Paoline$9(OLS)http://semarc/publisher/35779